| 000 | 00828 a2200205 4500 | ||
|---|---|---|---|
| 999 |
_c6306 _d6306 |
||
| 020 | _a0750641150 | ||
| 050 | 0 | 0 | _aTX911.3.MED2000 |
| 100 | 1 | _aMedlik, S. | |
| 245 | 1 | 4 |
_aThe business of hotels / _cS. Medlik and H. Ingram. |
| 250 | _a4th ed. | ||
| 264 |
_aLondon: _bRoutledge, _cc2000 |
||
| 300 |
_axviii, 222 p. : _bill. |
||
| 500 | _a"Published in association with Caterer & hotelkeeper"--Cover. | ||
| 504 | _aIncludes bibliographical references (p. [205]-213) and index. | ||
| 650 | 0 | _aHotel management. | |
| 856 | 4 | 2 |
_3Publisher description _uhttp://www.loc.gov/catdir/description/els031/00699244.html |
| 856 | 4 | 1 |
_3Table of contents _uhttp://www.loc.gov/catdir/toc/els031/00699244.html |
| 942 |
_2lcc _cBK _h911.3 _iMED _kTX |
||